Grow : How ideals power growth and profit at the world's greatest companies
Those who center their business on improving people’s lives have a growth rate triple that of competitors and outperform the market by a huge margin. They dominate their categories, create new categories and maximize profit in the long term.
Sparad:
| Huvudupphovsman: | |
|---|---|
| Materialtyp: | Bok |
| Språk: | Undetermined |
| Publicerad: |
New York
Crown Business
2011
|
| Ämnen: | |
| Taggar: |
Lägg till en tagg
Inga taggar, Lägg till första taggen!
|
| Thư viện lưu trữ: | Trung tâm Học liệu Trường Đại học Cần Thơ |
|---|
| LEADER | 00932nam a2200205Ia 4500 | ||
|---|---|---|---|
| 001 | CTU_226022 | ||
| 008 | 210402s9999 xx 000 0 und d | ||
| 082 | |a 658.401 | ||
| 082 | |b S825 | ||
| 100 | |a Stengel, Jim | ||
| 245 | 0 | |a Grow : | |
| 245 | 0 | |b How ideals power growth and profit at the world's greatest companies | |
| 245 | 0 | |c Jim Stengel | |
| 260 | |a New York | ||
| 260 | |b Crown Business | ||
| 260 | |c 2011 | ||
| 520 | |a Those who center their business on improving people’s lives have a growth rate triple that of competitors and outperform the market by a huge margin. They dominate their categories, create new categories and maximize profit in the long term. | ||
| 650 | |a Management,Ideals (Psychology),Ideals (Psychology),Quản trị,Ý tưởng (Tâm lý học) | ||
| 650 | |x Social aspects,Khía cạnh xã hội,Khía cạnh xã hội | ||
| 980 | |a Trung tâm Học liệu Trường Đại học Cần Thơ | ||